000 00786cam a22002773a 4500
001 5145
003 PGUSA
005 20140828083114.0
008 040201s2004||||xxu|||||s|||||000 1 eng d
040 _aPGUSA
_beng
042 _adc
050 4 _aPS
100 1 _aFox, John,
_d1863-1919
245 1 4 _aThe Heart of the Hills
_h[electronic resource] /
_cJohn Fox
260 _bProject Gutenberg,
_c2004
506 _aPublic domain in the USA.
516 _aElectronic text
653 _aBildungsromans
653 _aKentucky -- Fiction
653 _aMountain life -- Fiction
653 _aCumberland Mountains -- Fiction
653 _aEnvironmental protection -- Fiction
830 0 _aProject Gutenberg
_v5145
856 4 0 _uhttp://www.gutenberg.org/ebooks/5145
942 _cEB
999 _c234474
_d234474